000 004790000a22001690004500
003 MACL
005 20150825162822.0
008 150825b xxu||||| |||| 00| 0 eng d
040 _aMACL
_cMACL
041 _aEnglish
082 _a740
100 _aDeepk Carpets
_97453
245 _aHandicrafts India Year Books
_bIncluding Handlooms Fashion & Silk
260 _bA P Handicrafts Development Corporation
_c1988
650 _aDrawing & Decorative Arts
_97454
942 _cBK
_k740
_2ddc
999 _c5146
_d5146